|
|
|
|
| LEADER |
00000nam a2200000 a 4500 |
| 001 |
vtls001522826 |
| 003 |
SK-MaSNL |
| 005 |
20260302073930.0 |
| 008 |
240315s2005 xo l d p 000 0 slo |
| 015 |
|
|
|a SNBA2005/06-02247
|
| 020 |
|
|
|a 8080750491
|q (brož.)
|
| 035 |
|
|
|a 06B92A1E-28B9-45C6-AEA4-A544377CA513
|
| 035 |
|
|
|a urn:nbn:sk:snk-amk6ph
|
| 035 |
|
|
|a urn:nbn:sk:snk-am008acg
|
| 040 |
|
|
|a SNK
|b slo
|c SNK
|e AACR2
|
| 041 |
0 |
|
|a slo
|
| 044 |
|
|
|a xo
|
| 072 |
|
7 |
|a 534
|x Mechanické kmity. Akustika
|2 konspekt
|
| 072 |
|
7 |
|a 623
|x Vojenská technika
|2 konspekt
|
| 080 |
|
|
|a 623
|2 1997
|
| 080 |
|
|
|a 531/534
|2 1997
|
| 080 |
|
|
|a 53
|2 1997
|
| 080 |
|
|
|a (075.8)
|2 1997
|
| 080 |
|
|
|a 621.867.2
|2 1997
|
| 100 |
1 |
|
|a Ferencey, Viktor,
|d 1946-
|4 aut
|9 215598
|
| 245 |
1 |
0 |
|a Mechanika pohybu pásovej mobilnej techniky
|c Viktor Ferencey, Peter Droppa
|
| 250 |
|
|
|a 1. vyd.
|
| 260 |
|
|
|a Trenčín
|b Trenčianska univerzita Alexandra Dubčeka
|c 2005
|
| 300 |
|
|
|a 171 s.
|b sch.
|c 29 cm
|
| 504 |
|
|
|a Bibliogr. s. 171
|
| 506 |
|
|
|a 100 výtl.
|
| 650 |
0 |
7 |
|a pásové dopravníky
|2 SNKPH
|9 50979
|
| 650 |
0 |
7 |
|a vojenská technika
|2 SNKPH
|9 29297
|
| 650 |
0 |
7 |
|a mechanika
|2 SNKPH
|9 706
|
| 650 |
0 |
7 |
|a pohyb
|2 SNKPH
|9 397811
|
| 655 |
|
7 |
|a učebnice vysokých škôl
|2 SNKPH
|9 70191
|
| 700 |
1 |
|
|a Droppa, Peter,
|d 1960-
|4 aut
|9 252000
|
| 919 |
|
|
|a 80-8075-049-1
|
| 968 |
|
|
|d 62
|
| 999 |
|
|
|c 1162929
|d 1164859
|
| 952 |
|
|
|a SNK
|b SNK
|y VYP
|7 0
|p 17A0465310
|o snkSB 70254 D1
|i snk2005/5566
|8 0
|0 0
|1 0
|4 0
|d 2005-04-07
|f 1
|l 0
|r 2016-06-30 00:00:00
|w 2026-02-24
|
| 952 |
|
|
|a SNK
|b SNK
|y PREZ
|7 0
|p 17A0465309
|o snkSB 70254
|i snk2005/5565
|8 0
|0 0
|1 0
|4 0
|d 2005-04-07
|l 0
|r 2025-04-25 00:00:00
|w 2026-02-24
|